| 000 | 02501nam a2200301Ia 4500 | ||
|---|---|---|---|
| 005 | 20250223033130.0 | ||
| 008 | 231030s9999 xx 000 0 und d | ||
| 049 | _aDeposit | ||
| 082 | _a860 | ||
| 097 | _aM.SC | ||
| 099 | _aCai01.02.16.M.SC.2022.AM.M | ||
| 100 | _aAml Nasr Abd El -Mohsen | ||
| 245 |
_aLa maternidad forzada en Elena sabe de Claudia Piñeiro / _cAml Nasr Abd El -Mohsen ; Rasha Mohamed Abboudy , Alia Heshmat Mohamed. |
||
| 246 | _aالأمومة الإجبارية فى رواية إيلينا تعرف للكاتبة كلوديا بينيرو دراسة نقدية. | ||
| 260 | _c2022. | ||
| 502 | _aThesis (M.Sc.)-Cairo University,2022. | ||
| 504 | _aBibliography: p. 101-107. | ||
| 520 | _aالهدف الرئيسي من هذه الدراسة هو تحليل موضوع الأمومة الإجبارية في رواية إيلينا تعرف (٢٠٠٧ ) للكاتبة الأرجنتينية كلوديا بينيرو. فهي تعد واحدة من الكاتبات اللآتي يحاولن أن يكن أكثر حداثة كما أنها تقدم موضوع الأمومة كخيار وليست كمصير إجباري . على مدار قرون، كان جسد النساء مستعمرا من قبل الآخرين، و ليس معترف بها ككيان خاص بالمرأة بينما كان ينظر إليها على أنها مجرد آلة للمتعة الذكورية والإنجاب، ولهذا السبب فقد وصلت النساء الى كراهية ورفض أجسادهن. وبالتالي، يقوم البحث على تعريف بعض المفاهيم مثل: العنف النوعى والابوية، وذلك من خلال تحليل الموضوع الأمومة المجبرة التي تتمثل في الشخصية الرئيسية للبحث وهي إيزابيل التي تصبح أما رغما عنها. ولذلك سُنوظف نظريات مختلفة الدراسات النسوية والجنسية من اجل الكشف عن بعض المعاني الخاصة بظاهرة الأمومة الإجبارية ومن أجل الوصول إلى هدفها الرئيسي من عرض هذه الظاهرة. | ||
| 650 | _aLengua y Literatura Hispánicas | ||
| 653 | _aviolencia de género | ||
| 700 | _aRasha Mohamed Abboudy | ||
| 856 | _uhttp://172.23.153.220/th.pdf | ||
| 905 | _aMohamady | ||
| 942 |
_cTH _2ddc |
||
| 999 |
_c164502 _d164502 |
||
| 336 |
_2rda content _atext |
||
| 337 |
_2rdamedia _aUnmediated |
||
| 338 |
_2rdacarrier _avolume |
||